Data Warehousing and Knowledge Discovery 15th International Conference, DaWaK 2013, Prague, Czech Republic, August 26-29, 2013. Proceedings /

This book constitutes the refereed proceedings of the 15th International Conference on Data Warehousing and Knowledge Discovery, DaWaK 2013 held in Prague, Czech Republic, in August 2013. The 24 revised full papers and 8 short papers presented were carefully reviewed and selected from 89 submissions...

Full description

Bibliographic Details
Corporate Author: SpringerLink (Online service)
Other Authors: Bellatreche, Ladjel (Editor), Mohania, Mukesh K. (Editor)
Format: Electronic eBook
Language:English
Published: Berlin, Heidelberg : Springer Berlin Heidelberg : Imprint: Springer, 2013.
Series:Lecture Notes in Computer Science, 8057
Subjects:
Online Access:Full Text via HEAL-Link
LEADER 02964nam a22005175i 4500
001 978-3-642-40131-2
003 DE-He213
005 20151030151036.0
007 cr nn 008mamaa
008 130821s2013 gw | s |||| 0|eng d
020 |a 9783642401312  |9 978-3-642-40131-2 
024 7 |a 10.1007/978-3-642-40131-2  |2 doi 
040 |d GrThAP 
050 4 |a QA76.9.D3 
072 7 |a UN  |2 bicssc 
072 7 |a UMT  |2 bicssc 
072 7 |a COM021000  |2 bisacsh 
082 0 4 |a 005.74  |2 23 
245 1 0 |a Data Warehousing and Knowledge Discovery  |h [electronic resource] :  |b 15th International Conference, DaWaK 2013, Prague, Czech Republic, August 26-29, 2013. Proceedings /  |c edited by Ladjel Bellatreche, Mukesh K. Mohania. 
264 1 |a Berlin, Heidelberg :  |b Springer Berlin Heidelberg :  |b Imprint: Springer,  |c 2013. 
300 |a XIV, 374 p. 129 illus.  |b online resource. 
336 |a text  |b txt  |2 rdacontent 
337 |a computer  |b c  |2 rdamedia 
338 |a online resource  |b cr  |2 rdacarrier 
347 |a text file  |b PDF  |2 rda 
490 1 |a Lecture Notes in Computer Science,  |x 0302-9743 ;  |v 8057 
505 0 |a Modeling and ETL -- Query optimization and parallelism -- Spatial data warehouses and applications -- Text mining and OLAP -- Recommendation and prediction -- Data mining optimization and machine learning techniques -- Mining and processing data streams -- Clustering and data mining applications -- Social network and graph mining -- Event sequence and Web mining. 
520 |a This book constitutes the refereed proceedings of the 15th International Conference on Data Warehousing and Knowledge Discovery, DaWaK 2013 held in Prague, Czech Republic, in August 2013. The 24 revised full papers and 8 short papers presented were carefully reviewed and selected from 89 submissions. The papers are organized in topical sections on modeling and ETL, query optimization and parallelism, spatial data warehouses and applications, text mining and OLAP, recommendation and prediction, data mining optimization and machine learning techniques, mining and processing data streams, clustering and data mining applications, social network and graph mining, and event sequence and Web mining. 
650 0 |a Computer science. 
650 0 |a Database management. 
650 0 |a Data mining. 
650 0 |a Application software. 
650 1 4 |a Computer Science. 
650 2 4 |a Database Management. 
650 2 4 |a Data Mining and Knowledge Discovery. 
650 2 4 |a Computer Appl. in Administrative Data Processing. 
700 1 |a Bellatreche, Ladjel.  |e editor. 
700 1 |a Mohania, Mukesh K.  |e editor. 
710 2 |a SpringerLink (Online service) 
773 0 |t Springer eBooks 
776 0 8 |i Printed edition:  |z 9783642401305 
830 0 |a Lecture Notes in Computer Science,  |x 0302-9743 ;  |v 8057 
856 4 0 |u http://dx.doi.org/10.1007/978-3-642-40131-2  |z Full Text via HEAL-Link 
912 |a ZDB-2-SCS 
912 |a ZDB-2-LNC 
950 |a Computer Science (Springer-11645)